000 00691cam a2200229 4500500
005 20260329002109.0
041 _afre
042 _adc
100 1 0 _aEltchaninoff, Michel
_eauthor
245 0 0 _aTzvetan Todorov, Andreï Kourkov. Communisme, démocratie et vodka aux orties
260 _c2010.
500 _a5
690 _aAndreï Kourkov
690 _aDémocratie
690 _aÉgoïsme
690 _aEurope
690 _aLoi
690 _aTzvetan Todorov
690 _aUkraine
786 0 _nPhilosophie magazine | 42 | 9 | 2010-09-01 | p. 6-7 | 1951-1787
856 4 1 _uhttps://shs.cairn.info/magazine-philosophie-magazine-2010-9-page-6?lang=fr&redirect-ssocas=7080
999 _c1811679
_d1811679